| 000 | 00581nam a2200181 a 4500 | ||
|---|---|---|---|
| 001 | 3507 | ||
| 005 | 20140414131949.0 | ||
| 008 | 060505s19uu xx 00 eng d | ||
| 020 | _a0-07-572059-0 | ||
| 050 |
_aTR 372.4 _bL1-2(CLAS) BLM 2005 |
||
| 245 |
_aChallenge: comprehension and language arts skills, L. 1-2 : _bblackline masters. |
||
| 260 |
_aColumbus, Ohio : _bSRA/McGraw-Hill, _c2005. |
||
| 300 | _a130 p. ; cm. | ||
| 440 | _aSRA Open Court Reading, Orange | ||
| 526 | _cGrade 1 | ||
| 650 |
_aReading _xStudy and teaching _xActivities _xReproducibles. |
||
| 999 |
_c112754 _d112754 |
||